Disney - Les Classiques - Statistiques

Statistiques générales
  • Ce quiz a été pris 260 fois
  • Le résultat moyen est 72 sur 130
Statistiques - réponses
Hint Réponse % Correct
001 Blanche-Neige et les sept nains
99%
014 Cendrillon
91%
036 La Belle et la Bête
89%
109 La reine des neiges
87%
018 La Belle au bois dormant
85%
033 La petite sirène
85%
048 Mulan
85%
101 Raiponce
85%
037 Aladdin
83%
038 Le roi lion
82%
118 Vaiana, la légende du bout du monde
80%
041 Pocahontas, une légende indienne
79%
042 Toy Story
78%
098 La Princesse et la Grenouille
77%
017 La Belle et le Clochard
76%
002 Pinocchio
76%
124 La reine des neiges 2
75%
016 Peter Pan
75%
086 Cars
71%
004 Dumbo
71%
023 Les Aristochats
71%
104 Rebelle
71%
005 Bambi
70%
003 Fantasia
70%
022 Le livre de la jungle
70%
019 Les 101 dalmatiens
70%
053 Toy Story 2
69%
100 Toy Story 3
69%
015 Alice au pays des merveilles
66%
063 Cendrillon 2
66%
043 Le Bossu de Notre-Dame
65%
049 Le roi lion 2
65%
065 Lilo & Stitch
65%
077 Mulan 2
65%
123 Toy Story 4
65%
103 Cars 2
64%
045 Hercule
64%
029 Rox et Rouky
64%
056 La petite sirène 2
63%
072 Le monde de Nemo
63%
052 Tarzan
63%
119 Cars 3
62%
129 Encanto
62%
073 Frère des ours
61%
071 Le roi lion 3
61%
102 Winnie l'Ourson
61%
117 Le monde de Dory
60%
090 Ratatouille
60%
025 Robin des Bois
60%
120 Coco
59%
097 Là-haut
58%
078 Les Indestructibles
58%
106 Les mondes de Ralph
58%
066 Peter Pan 2
58%
061 Atlantide, l'empire perdu
56%
020 Merlin l'enchanteur
56%
050 Pocahontas 2
56%
084 Bambi 2
55%
068 La planète au trésor
55%
114 Vice-versa
55%
095 Volt, star malgré lui
55%
060 Kuzco, l'empereur mégalo
54%
047 La Belle et la Bête 2
54%
030 Taram et le chaudron magique
53%
116 Zootopie
53%
026 Les aventures de Bernard et Bianca
52%
112 Les nouveaux héros
52%
128 Luca
52%
032 Oliver et Compagnie
52%
094 WALL.E
52%
093 La fée Clochette
51%
076 La ferme se rebelle
51%
081 Lilo & Stitch 2
51%
021 Mary Poppins
51%
126 Soul
51%
087 Frère des ours 2
50%
121 Les Indestructibles 2
50%
080 Tarzan 2
50%
069 Le livre de la jungle 2
49%
039 Le retour de Jafar
49%
067 Les 101 dalmatiens 2
49%
051 1001 pattes
48%
082 Chicken Little
48%
054 Fantasia 2000
48%
059 La Belle et le Clochard 2
48%
007 Les Trois Caballeros
48%
122 Ralph 2.0
48%
062 Le Bossu de Notre-Dame 2
47%
031 Basil, détective privé
46%
108 Planes
46%
130 Alerte rouge
45%
127 Raya et le dernier dragon
45%
089 Rox et Rouky 2
45%
006 Saludos Amigos
45%
011 Mélodie cocktail
44%
107 Monstres Academy
44%
013 Le crapaud et le maître d'école
43%
064 Monstres et Cie
43%
035 Bernard et Bianca au pays des kangourous
42%
010 Coquin de printemps
42%
111 Planes 2
42%
091 Bienvenue chez les Robinson
41%
083 Kuzco 2
41%
110 Clochette et la fée pirate
40%
040 Dingo et Max
40%
125 En avant
40%
057 Les aventures de Tigrou
40%
058 Dinosaure
39%
034 La bande à Picsou, le film
39%
070 Les aventures de Porcinet
39%
028 Les aventures de Winnie l'Ourson
39%
009 Mélodie du sud
39%
044 Aladdin et le roi des voleurs
37%
096 Clochette et la pierre de lune
37%
092 Le secret de la petite sirène
37%
088 Le sortilège de Cendrillon
37%
027 Peter et Elliott le dragon
37%
046 Winnie l'Ourson 2
37%
113 Clochette et la créature légendaire
36%
105 Clochette et le secret des fées
36%
008 La boîte à musique
36%
074 Les aventures de Petit Gourou
36%
115 Le voyage d'Arlo
36%
099 Clochette et l'expédition féerique
35%
055 Dingo et Max 2
35%
012 Danny, le petit mouton noir
33%
079 Winnie l'Ourson et l'Éfélant
31%
024 L'apprentie sorcière
28%
075 Mickey, Donald, Dingo : Les trois mousquetaires
28%
085 The Wild
28%
Aucun quiz correspondant
Distribution des résultats
% des personnes avec chaque résultat
Percentile par nombre de réponses
Votre historique - résultats
Vous n’avez pas pris ce quiz